Ujenzi wa Uwezo wa Asasi za Kiraia Tanzania: (Record no. 6865)

000 -LEADER
fixed length control field 00409nam a22001097a 4500
008 - FIXED-LENGTH DATA ELEMENTS--GENERAL INFORMATION
fixed length control field 200401b ||||| |||| 00| 0 eng d
245 ## - TITLE STATEMENT
Title Ujenzi wa Uwezo wa Asasi za Kiraia Tanzania:
Remainder of title Taarifa ya Mwaka 2006/
Statement of responsibility, etc. The Foundation for Civil Society.-
Medium English.
260 ## - PUBLICATION, DISTRIBUTION, ETC. (IMPRINT)
Place of publication, distribution, etc. Dar Es Salaam:
Name of publisher, distributor, etc. The Foundation for Civil Society,
Date of publication, distribution, etc. 2006.
300 ## - PHYSICAL DESCRIPTION
Extent 96p;
Other physical details Pictures,
Dimensions 30cm.-
650 ## - SUBJECT ADDED ENTRY--TOPICAL TERM
Source of heading or term CIVIL SOCIETIES
942 ## - ADDED ENTRY ELEMENTS (KOHA)
Source of classification or shelving scheme
Koha item type BOOKS

No items available.

IRDP © 2019 :: Managed by IRDP ICT Unit